Priority zahraničnej politiky Ruskej federácie po roku 2010 bakalárska práca

Uložené v:
Podrobná bibliografia
Hlavný autor: Matiová, Darina
Korporativný autor: Fakulta medzinárodných vzťahov EU. Katedra medzinárodných politických vzťahov
Ďalší autori: Zubro, Tetyana, 1975-
Médium: Kniha
Jazyk:Slovak
Vydavateľské údaje: Bratislava 2016
Tagy: Pridať tag
Žiadne tagy, Buďte prvý, kto otaguje tento záznam!

MARC

LEADER 00000nbm a2200000 4500
001 0218147
005 20170131123836.8
041 0 |a slo 
044 |a SK 
245 1 0 |a Priority zahraničnej politiky Ruskej federácie po roku 2010  |b bakalárska práca  |c Darina Matiová ; školiteľ: Tetyana Zubro 
264 1 |a Bratislava  |c 2016 
300 |a 52 s. 
100 1 |a Matiová, Darina 
700 1 |a Zubro, Tetyana, 1975- 
710 2 |a Fakulta medzinárodných vzťahov EU. Katedra medzinárodných politických vzťahov